[Event "Kuwait City Wafra Gulf op 3rd"]
[Site "Kuwait City"]
[Date "2024.05.18"]
[Round "8"]
[White "Zarif, Andrew"]
[Black "Adly, Ibrahim"]
[Result "1-0"]
[WhiteElo "1647"]
[BlackElo "1791"]
[PlyCount "91"]
[EventDate "2024.05.17"]
[EventType "swiss"]
[EventRounds "9"]
[EventCountry "KUW"]
[SourceTitle "CBM 220 Extra"]
[Source "ChessBase"]
[SourceDate "2024.07.31"]
[SourceVersion "1"]
[SourceVersionDate "2024.07.31"]
[SourceQuality "1"]

1. d4 d5 2. Bf4 c6 3. Nf3 e6 4. e3 f5 5. Nbd2 Nf6 6. Bd3 Bd6 7. Bg3 0-0 8. c4 Ne4 9. c5 Bc7 10. Bxc7 Qxc7 11. Ne5 Nxd2 12. Qxd2 Nd7 13. f4 Nxe5 14. fxe5 b6 15. b4 a5 16. 0-0 axb4 17. Qxb4 bxc5 18. Qxc5 Ra5 19. Qc3 Bd7 20. Rfb1 Qa7 21. Rb2 c5 22. dxc5 Rxc5 23. Qd4 Rfc8 24. Rf1 Qa3 25. Rb7 Bc6 26. Rb3 Qa5 27. h3 Ba8 28. a3 h6 29. g4 Rc1 30. gxf5 Rxf1+ 31. Bxf1 exf5 32. Qf4 Rf8 33. e6 Qd8 34. Bg2 Qf6 35. Rb6 Re8 36. Qd6 f4 37. exf4 Qa1+ 38. Kh2 Qd4 39. Rb8 Qa4 40. Rxe8+ Qxe8 41. Bxd5 Bxd5 42. Qxd5 Qe7 43. f5 Qxa3 44. e7+ Kh7 45. e8Q Qb2+ 46. Qg2 1-0

[Event "Kuwait City Wafra Gulf op 3rd"]
[Site "Kuwait City"]
[Date "2024.05.17"]
[Round "3"]
[White "Tinsay, Nathaniel"]
[Black "Zarif, Andrew"]
[Result "1-0"]
[WhiteElo "1813"]
[BlackElo "1647"]
[PlyCount "113"]
[EventDate "2024.05.17"]
[EventType "swiss"]
[EventRounds "9"]
[EventCountry "KUW"]
[SourceTitle "CBM 220 Extra"]
[Source "ChessBase"]
[SourceDate "2024.07.31"]
[SourceVersion "1"]
[SourceVersionDate "2024.07.31"]
[SourceQuality "1"]

1. c4 Nf6 2. Nc3 g6 3. g3 Bg7 4. Bg2 d6 5. e4 e5 6. Nge2 Nc6 7. h3 Be6 8. d3 Qd7 9. Be3 0-0 10. Qd2 a6 11. Rb1 Rab8 12. a3 Rfe8 13. b4 b5 14. cxb5 axb5 15. Bh6 Bh8 16. Bg5 Ne7 17. g4 d5 18. exd5 Nfxd5 19. Ne4 f6 20. Nc5 Qd6 21. Bh4 Bf7 22. 0-0 c6 23. Bg3 f5 24. gxf5 Nxf5 25. Bh2 Ng7 26. Ng3 Nf4 27. Nge4 Qe7 28. Nd7 Nxg2 29. Nef6+ Qxf6 30. Nxf6+ Kf8 31. Kxg2 Re7 32. Bxe5 Nf5 33. Nxh7+ Kg8 34. Nf6+ Bxf6 35. Bxf6 Bd5+ 36. Kh2 Rh7 37. Qg5 Kf7 38. Be5 Rxh3+ 39. Kxh3 Rh8+ 40. Kg4 Rh4+ 41. Qxh4 Nxh4 42. Kxh4 Ke6 43. d4 Kf5 44. f4 Be4 45. Rg1 Ke6 46. Rbe1 Bf5 47. Kg5 Kd5 48. Bb8 Kc4 49. Ba7 Kb3 50. Rc1 Kxa3 51. Bc5 Kb3 52. Rg3+ Kb2 53. Rf1 Ka2 54. Rf2+ Ka1 55. Kf6 Be4 56. Rxg6 Bd5 57. Ke5 1-0